Online guidance for business (Record no. 72856)
[ view plain ]
| 000 -LEADER | |
|---|---|
| fixed length control field | 01023cam a2200217 4500 |
| 001 - CONTROL NUMBER | |
| control field | WB3922-10 |
| 008 - FIXED-LENGTH DATA ELEMENTS--GENERAL INFORMATION | |
| fixed length control field | 030616n2003 000 0 eng u |
| 035 ## - SYSTEM CONTROL NUMBER | |
| System control number | (Sirsi) u122604 |
| 245 ## - TITLE STATEMENT | |
| Title | Online guidance for business |
| 260 ## - PUBLICATION, DISTRIBUTION, ETC. | |
| Date of publication, distribution, etc. | 2003 |
| 490 ## - SERIES STATEMENT | |
| Series statement | RICS Environment Faculty News |
| Volume/sequential designation | 11 June 2003(1) |
| 520 ## - SUMMARY, ETC. | |
| Summary, etc. | Environment Agency NetRegs website has new online guidance which will help small and medium-sized businesses in the sewage and waste sector understand environmental legislation affecting their activities. The guidelines give practical advice on how to comply with environmental regulations and cover a wide range of areas from the treatment or disposal of waste from households, commercial or industrial premises to the maintenance and repair of sewers and drains. |
| 590 ## - LOCAL NOTE (RLIN) | |
| Local note | TEST |
| 650 ## - SUBJECT ADDED ENTRY--TOPICAL TERM | |
| Topical term or geographic name entry element | SMES |
| 650 ## - SUBJECT ADDED ENTRY--TOPICAL TERM | |
| Topical term or geographic name entry element | SMALL BUSINESSES |
| 650 ## - SUBJECT ADDED ENTRY--TOPICAL TERM | |
| Topical term or geographic name entry element | Environment |
| 9 (RLIN) | 6238 |
| 650 ## - SUBJECT ADDED ENTRY--TOPICAL TERM | |
| Topical term or geographic name entry element | ENVIRONMENTAL LEGISLATION |
| 650 ## - SUBJECT ADDED ENTRY--TOPICAL TERM | |
| Topical term or geographic name entry element | WASTE DISPOSAL |
| 690 ## - LOCAL SUBJECT ADDED ENTRY--TOPICAL TERM (OCLC, RLIN) | |
| Topical term or geographic name as entry element | ENVIRONMENTAL AND LAND CONSULTANCY |
| 942 ## - ADDED ENTRY ELEMENTS (KOHA) | |
| Suppress in OPAC | 0 |
| Withdrawn status | Lost status | Source of classification or shelving scheme | Damaged status | Not for loan | Home library | Current library | Shelving location | Date acquired | Total Checkouts | Full call number | Barcode | Date last seen | Copy number | Price effective from | Koha item type |
|---|---|---|---|---|---|---|---|---|---|---|---|---|---|---|---|
| Dewey Decimal Classification | London | London | News article | 16/06/2003 | WB3922-10 | 122604-1001 | 06/08/2019 | 1 | 06/08/2019 | News article |